000 00816nam a22002537a 4500
001 2111
005 20250612085745.0
020 _a9789814281157
040 _aFISKH
_beng
_cFISKH
_dFISKH
082 _a428.6
100 _aSmith, Annette
245 _aThe brave little tailor /
_cRetold by Annetta Smith Illustrated by Chantal Stewart
260 _aVictoria :
_bCengage Learning Australia,
_c1998
300 _a32 pages
_c21 cm
505 _aH
520 _aThis 'tongue-in-cheek' traditional tale may have been invented when belief in giants (and unicorns, omitted from this brief retelling) had begun to fade.
521 _a500
_bLexile estimate
521 _aH
_bRaz-Plus
650 _aTailor
650 _aBravery
650 _aFolktale
700 _aStewart, Chantal
_eIllustrator
942 _2ddc
_cBK
_n0
999 _c2111
_d2111